Collaborative Learning and New Media (Record no. 92392)

MARC details
000 -LEADER
fixed length control field 01351nam a2200253Ii 4500
008 - FIXED-LENGTH DATA ELEMENTS--GENERAL INFORMATION
fixed length control field 221202s xx 000 0 und d
245 #0 - TITLE STATEMENT
Title Collaborative Learning and New Media
246 ## - VARYING FORM OF TITLE
Title proper/short title New Insights into an Evolving Field (Edition 1)
264 ## - PRODUCTION, PUBLICATION, DISTRIBUTION, MANUFACTURE, AND COPYRIGHT NOTICE
Name of producer, publisher, distributor, manufacturer Peter Lang International Academic Publishers
Date of production, publication, distribution, manufacture, or copyright notice 2018
300 ## - PHYSICAL DESCRIPTION
Extent 1 online resource
336 ## - CONTENT TYPE
Content type term text
Content type code txt
Source rdacontent
337 ## - MEDIA TYPE
Media type term computer
Media type code c
Source rdamedia
338 ## - CARRIER TYPE
Carrier type term online resource
Carrier type code cr
Source rdacarrier
520 ## - SUMMARY, ETC.
Summary, etc. This book is an essential resource for researchers in the field of applied linguistics as well as practising teachers and teacher trainees in secondary and higher education. It explores collaboration in the foreign language classroom through the use of new media. Combining theoretical, empirical and practical insights into this intricate area of research, the contributions take different approaches across a wide range of international contexts.
653 ## - INDEX TERM--UNCONTROLLED
Uncontrolled term Education
653 ## - INDEX TERM--UNCONTROLLED
Uncontrolled term Language Arts & Disciplines
653 ## - INDEX TERM--UNCONTROLLED
Uncontrolled term Linguistics
653 ## - INDEX TERM--UNCONTROLLED
Uncontrolled term Mathematics
653 ## - INDEX TERM--UNCONTROLLED
Uncontrolled term Teaching Methods & Materials
700 1# - ADDED ENTRY--PERSONAL NAME
Personal name Ludwig, Christian
700 1# - ADDED ENTRY--PERSONAL NAME
Personal name Van de Poel, Kris
856 ## - ELECTRONIC LOCATION AND ACCESS
Uniform Resource Identifier <a href="https://docs.google.com/spreadsheets/d/1yKIrdCPDAG_9c22mwoOIO2DOhtj65Wqa/edit?usp=sharing&ouid=106555315294820607512&rtpof=true&sd=true ">https://docs.google.com/spreadsheets/d/1yKIrdCPDAG_9c22mwoOIO2DOhtj65Wqa/edit?usp=sharing&ouid=106555315294820607512&rtpof=true&sd=true </a>
Link text List of Curated E-Books
942 ## - ADDED ENTRY ELEMENTS (KOHA)
Koha item type E-Book

No items available.

University of Rizal System
Email us at univlibservices@urs.edu.ph

Visit our Website www.urs.edu.ph/library